Statistics for La Liga Winning Managers

Click here to take the quiz!

General Stats

  • This quiz has been taken 156 times
  • The average score is 17 of 26

Answer Stats

Season:Club:Manager:% Correct
2009/10BarcelonaPep Guardiola
98%
2010/11BarcelonaPep Guardiola
98%
2008/09BarcelonaPep Guardiola
98%
2013/14Atlético MadridDiego Simeone
95%
2011/12Real MadridJosé Mourinho
94%
2015/16BarcelonaLuis Enrique
92%
2014/15BarcelonaLuis Enrique
92%
2000/01Real MadridVicente Del Bosque
74%
2002/03Real MadridVicente Del Bosque
74%
2005/06BarcelonaFrank Rijkaard
72%
2004/05BarcelonaFrank Rijkaard
72%
1990/91BarcelonaJohan Cruyff
71%
1991/92BarcelonaJohan Cruyff
71%
1992/93BarcelonaJohan Cruyff
71%
1993/94BarcelonaJohan Cruyff
71%
2012/13BarcelonaTito Vilanova
61%
1997/98BarcelonaLouis Van Gaal
57%
1998/99BarcelonaLouis Van Gaal
57%
1996/97Real MadridFabio Capello
53%
2006/07Real MadridFabio Capello
53%
2001/02ValenciaRafael Benítez
53%
2003/04ValenciaRafael Benítez
53%
2007/08Real MadridBernd Schuster
35%
1995/96Atlético MadridRadomir Antić
30%
1999/00Deportivo La CoruñaJavier Irureta
25%
1994/95Real MadridJorge Valdarno
19%

Score Distribution

Percentile by Number Answered

Percent of People with Each Score

Your Score History

You have not taken this quiz